Pays d'Europe dans leurs langues d'origine - Statistiques

Statistiques générales
  • Ce quiz a été pris 73 fois
  • Le résultat moyen est 18 sur 44
Statistiques - réponses
Hint Réponse % Correct
France France
98%
Espagne España
89%
Monaco Mùnegu/Monaco
89%
Belgique Blegië/Belgique/Belgien
88%
Italie Italia
88%
Royaume-Uni United Kingdom
79%
Andorre Andorra
75%
Luxembourg Lëtzebuerg/Luxembourg/Luxemburg
74%
Portugal Portugal
70%
Suisse Svizra/Schweiz/Suisse/Svizzera
70%
Allemagne Deutschland
65%
Irlande Éire/Ireland
63%
Liechtenstein Liechtenstein
61%
Malte Malta
60%
Islande Ísland
49%
Pologne Polska
49%
Saint-Marin San Marino
49%
Autriche Österreich
47%
Roumanie România
47%
Vatican Vaticano/Sancta Sedes
44%
Pays-Bas Nederland
35%
Biélorussie Белару́сь/Беларус/Belarús'/Belarus
32%
Croatie Hrvatska
32%
Moldavie Moldova
30%
Finlande Suomi
30%
Suède Sverige
28%
Danemark Danmark
26%
Norvège Norge/Noreg
25%
Ukraine Украïна/Ukraïna
23%
Estonie Eesti
19%
Albanie Shqipëri
19%
Grèce Ελλάδα/Elláda
12%
Slovénie Slovenija
12%
Serbie Србија/Srbija
11%
Monténégro Црна Гора/Crna Gora
9%
Lituanie Lietuva
9%
Hongrie Magyaroszág
9%
Slovaquie Slovensko
9%
Bulgarie България/Bŭlgarija
5%
République Tchèque Česko
5%
Lettonie Latvija
5%
Macédoine Македонија/Makedonija
5%
Russie Росси́я/Rossíja
4%
Bosnie-Herzégovine Босна и Херцеговина/Bosna i Hercegovina
2%
Aucun quiz correspondant
Distribution des résultats
% des personnes avec chaque résultat
Percentile par nombre de réponses
Votre historique - résultats
Vous n’avez pas pris ce quiz